|
|
|
|
| LEADER |
00771nam a22001817a 4500 |
| 082 |
|
|
|a 894.M2
|b VAS6/G M8
|
| 100 |
|
|
|a എം ടി വാസുദേവന് നായര്
|9 173283
|
| 100 |
|
|
|a M T Vasudevan Nair
|9 173284
|
| 240 |
|
|
|a Gopuranadayil
|
| 245 |
|
|
|a ഗോപുരനടയില്
|
| 250 |
|
|
|a 2nd
|
| 260 |
|
|
|a Calicut;
|b Poorna Publications;
|c 1983
|
| 300 |
|
|
|a 74p.
|
| 650 |
|
|
|a മലയാളം സാഹിത്യം; മലയാളം നാടകം
|9 173285
|
| 650 |
|
|
|a Malayalam Literature; Malayalam Dramas; Malayalam Plays
|9 173286
|
| 942 |
|
|
|c BK
|
| 999 |
|
|
|c 43281
|d 43281
|
| 952 |
|
|
|0 0
|1 0
|4 0
|6 894_000000000000000_M2_VAS6_G_M8
|7 0
|8 DRA
|9 49886
|a MAL
|b MAL
|d 2015-08-20
|e 36013
|g 8.00
|l 0
|o 894.M2 VAS6/G M8
|p MAL036013
|r 2015-08-20
|t 1
|w 2015-08-20
|y BK
|